000 01162cam a22003257a 4500
003 CHAP
005 20220329141948.0
008 981006d1998 mx r 00110 spa d
010 _a76325
011 _a77297
035 _a86900
040 _cCHAP
090 _aTesis
100 0 0 _aLópez Serrato, José Refugio.
_968338
245 1 0 _aEvaluación microbiológica en harinas comerciales de maíz (Zea mays) nixtamalizado
_c/por José Refugio López Serrato
260 _aChapingo, Méx. :
_bEl autor,
_c1998.
502 _aTesis (Ing. Agroindustrial) -- UACH. Departamento de Ingeniería Agroindustrial
590 _aALEPH
_b10
_c20130110
_lUCH01
_h1425
590 _aBATCH-UPD
_b10
_c20130110
_lUCH01
_h0628
590 _aBATCH-UPD
_b10
_c20130410
_lUCH01
_h0311
590 _aBATCH-UPD
_b10
_c20130914
_lUCH01
_h0153
590 _aCONVERSION
_b10
_c20130109
_lUCH01
_h1342
650 1 4 _aAlimentos
_xBacteriología.
_94171
650 1 4 _aHarina de maíz
_xAnálisis.
_952714
901 _aBK
905 _aAlejandra Carrasco M.
942 _cFOLL
949 _bBC
_cTES
_d33724000590238
_eTS2
_fc.2
_h32923
_i86900
_sb
949 _bBC
_cTES
_d869001
_eTS1
_h32922
_i86900
_sb
999 _c76325
_d76325